| 000 | 00584nam a22002057a 4500 | ||
|---|---|---|---|
| 003 | BUBTL | ||
| 008 | 190330b xxu||||| |||| 00| 0 eng d | ||
| 020 | _a978-984-92173-0-5 | ||
| 082 | _a526.9 / SHT | ||
| 100 |
_92245 _aShahjahan, M. |
||
| 245 |
_aA Text book of Surveying / _cM.Shahjahan,, M.A. Aziz |
||
| 250 | _a4th ed. | ||
| 260 |
_aDhaka : _bUniversity Campus, _cc2016 |
||
| 300 |
_a416 p. : _bill. ; _c21 cm. |
||
| 650 | 0 |
_92244 _aCivil Engineering |
|
| 700 |
_92243 _aAziz, M.A. |
||
| 856 |
_k0 _l0 _yDownload |
||
| 942 |
_2ddc _cBK |
||
| 999 |
_c5937 _d5937 |
||